Statistiques concernant Espagne ou Portugal

Cliquez ici pour prendre le quiz!

Statistiques générales

  • Ce quiz a été pris 847 fois
  • Le résultat moyen est 6 sur 10

Statistiques - réponses

QuestionRéponse% Correct
Casa de PapelEspagne
98%
Celui ayant la plus grande villeEspagne
95%
Coïmbre est une ville de ce paysPortugal
91%
Iberia est une compagnie aérienne de ce paysEspagne
86%
Manuel II a été le dernier roi de ce paysPortugal
71%
Celui étant le plus proche de la Côte d'IvoireEspagne
65%
Tomar est une ville de ce paysPortugal
48%
La Guinée Équatoriale est une ancienne colonie de ce paysEspagne
39%
Celui étant le plus densément peupléPortugal
34%
Celui étant le plus proche de la FlorideEspagne
15%

Distribution des résultats

Percentile par nombre de réponses

% des personnes avec chaque résultat

Votre développement - résultats

Vous n’avez pas pris ce quiz